000 00477nmm a2200157Ia 4500
008 251105s9999||||xx |||||||||||||||||und||
020 _a9788494265808
041 _aspa
100 _aPlanella Ribera, Jordi
245 0 _aSolidaridades orgánicas. De cuerpos y trasplantes
264 _a[Madrid, España] :
_bUniversitat Oberta de Catalunya,
_c2014
300 _a138 páginas
650 _aMedicine
856 _uhttps://public.digitaliapublishing.com/a/29265
942 _cCF
999 _c89390
_d89390